বাংলা একাডেমী সংক্ষিপ্ত বাংলা অভিধান / (Record no. 5228)
[ view plain ]
| 000 -LEADER | |
|---|---|
| fixed length control field | 00773nam a2200241 a 4500 |
| 001 - CONTROL NUMBER | |
| JCCL Control Number | 5228 |
| 003 - CONTROL NUMBER IDENTIFIER | |
| JCCL marc code | BD-JhCC |
| 005 - DATE AND TIME OF LATEST TRANSACTION | |
| control field | 20180217083501.0 |
| 008 - FIXED-LENGTH DATA ELEMENTS--GENERAL INFORMATION | |
| fixed length control field | 171210b19982011b |||| |||| 000 0 ben d |
| 020 ## - INTERNATIONAL STANDARD BOOK NUMBER | |
| International Standard Book Number | 9840749633 |
| 020 ## - INTERNATIONAL STANDARD BOOK NUMBER | |
| International Standard Book Number | 9840751859 |
| 035 ## - SYSTEM CONTROL NUMBER | |
| system control number | (BD-JhCC)5228 |
| 040 ## - CATALOGING SOURCE | |
| Original cataloging agency | BD-JhCC |
| Modifying agency | BD-JhCC |
| 041 ## - LANGUAGE CODE | |
| Language code of Book | ben |
| 082 ## - DEWEY DECIMAL CLASSIFICATION NUMBER | |
| Classification number | 491.4415 |
| Author mark and Year | BAN 2011 |
| 245 ## - TITLE STATEMENT | |
| Title | বাংলা একাডেমী সংক্ষিপ্ত বাংলা অভিধান / |
| Statement of responsibility, etc | আহমদ শরীফ (সম্পা.) |
| 250 ## - EDITION STATEMENT | |
| Edition statement | 2nd ed. |
| 260 ## - PUBLICATION, DISTRIBUTION, ETC. (IMPRINT) | |
| Place of publication, distribution, etc | ঢাকা : |
| Name of publisher, distributor, etc | বাংলা একাডেমী, |
| Date of publication, distribution, etc | ২০১১. |
| 300 ## - PHYSICAL DESCRIPTION | |
| Pagination | 597 p. : |
| Dimensions | 19 cm. |
| 650 ## - SUBJECT ADDED ENTRY--TOPICAL TERM | |
| Topical term or geographic name as entry element | Bengali Dictionary |
| General subdivision | Bengali Language |
| 700 ## - ADDED ENTRY--PERSONAL NAME | |
| Personal name | শরীফ, আহমদ |
| 942 ## - ADDED ENTRY ELEMENTS (KOHA) | |
| Source of classification or shelving scheme | Dewey Decimal Classification |
| Koha item type | Books |
| Source of classification or shelving scheme | Damaged status | Not for loan | Home library | Current library | Shelving location | Date of accession | Cost, normal purchase price | Total Checkouts | Full call number | Barcode | Date last seen | Copy number | Koha item type |
|---|---|---|---|---|---|---|---|---|---|---|---|---|---|
| Dewey Decimal Classification | JCC Rouf Library | JCC Rouf Library | General Stacks | 12/10/2017 | 200.00 | 491.4415 BAN 2011 | 7247 | 12/10/2017 | C-1 | Books | |||
| Dewey Decimal Classification | JCC Rouf Library | JCC Rouf Library | General Stacks | 12/10/2017 | 200.00 | 491.4415 BAN 2011 | 7246 | 12/10/2017 | C- 2 | Books | |||
| Dewey Decimal Classification | JCC Rouf Library | JCC Rouf Library | General Stacks | 12/10/2017 | 200.00 | 491.4415 BAN 2011 | 7245 | 12/10/2017 | C-3 | Books | |||
| Dewey Decimal Classification | JCC Rouf Library | JCC Rouf Library | General Stacks | 12/12/2017 | 200.00 | 491.4415 BAN 2011 | 7249 | 12/10/2017 | C-4 | Books | |||
| Dewey Decimal Classification | JCC Rouf Library | JCC Rouf Library | General Stacks | 12/10/2017 | 200.00 | 491.4415 BAN 2011 | 7248 | 12/10/2017 | C-5 | Books | |||
| Dewey Decimal Classification | JCC Rouf Library | JCC Rouf Library | General Stacks | 12/11/2017 | 200.00 | 491.4415 BAN 2011 | 7244 | 12/11/2017 | C-6 | Books | |||
| Dewey Decimal Classification | JCC Rouf Library | JCC Rouf Library | General Stacks | 01/31/2018 | 205.00 | 491.4415 BAN 2011 | 8798 | 01/31/2018 | C-7 | Books | |||
| Dewey Decimal Classification | JCC Rouf Library | JCC Rouf Library | General Stacks | 02/08/2018 | 200.00 | 491.4415 BAN 2011 | 9894 | 02/08/2018 | C-8 | Books | |||
| Dewey Decimal Classification | JCC Rouf Library | JCC Rouf Library | General Stacks | 04/21/2018 | 200.00 | 491.4415 BAN 2011 | 13499 | 04/21/2018 | C-9 | Books | |||
| Dewey Decimal Classification | JCC Rouf Library | JCC Rouf Library | General Stacks | 04/21/2018 | 200.00 | 491.4415 BAN 2011 | 13500 | 04/21/2018 | C-10 | Books |